000
00214nam a22000857a 4500
008
170113b xxu||||| |||| 00| 0 eng d
100
_9
2395
_a
Soni.V.K.
245
_a
Comprehensive Maths-X
260
_a
New Delhi
_b
L.P.
_c
2011
999
_c
5406
_d
5406